Možnosti využitia upcyclingu v prechodnom období na cirkulárnu ekonomiku v SR ako nového podnikateľského modelu pre malé a stredné podniky
Model lineárneho hospodárstva a model obehového hospodárstva. Upcycling ako technika cirkulárnej ekonomiky. Možnosti a predpoklady využitia techniky upcyclingu v podmienkach prechodu Slovenskej republiky k cirkulárnej ekonomike. Pozdvihnutie podnikateľských aktivít malých a stredných podnikov v SR v...
Na minha lista:
| Autor principal: | |
|---|---|
| Formato: | Capítulo de Livro |
| Idioma: | eslovaco |
| Assuntos: | |
| Tags: |
Sem tags, seja o primeiro a adicionar uma tag!
|
MARC
| LEADER | 00000naa$a2200000$$$4500 | ||
|---|---|---|---|
| 001 | 0281456 | ||
| 005 | 20240502074401.4 | ||
| 041 | 0 | |a slo | |
| 044 | |a SK | ||
| 245 | 1 | 0 | |a Možnosti využitia upcyclingu v prechodnom období na cirkulárnu ekonomiku v SR ako nového podnikateľského modelu pre malé a stredné podniky |c Róbert Hula |
| 520 | |a Model lineárneho hospodárstva a model obehového hospodárstva. Upcycling ako technika cirkulárnej ekonomiky. Možnosti a predpoklady využitia techniky upcyclingu v podmienkach prechodu Slovenskej republiky k cirkulárnej ekonomike. Pozdvihnutie podnikateľských aktivít malých a stredných podnikov v SR vďaka technike upcyclingu. | ||
| 610 | 2 | 0 | |a hospodárstvo obehové |
| 610 | 2 | 0 | |a prostredie životné |
| 610 | 2 | 0 | |a recyklácia odpadu |
| 610 | 2 | 0 | |a modely podnikateľské |
| 610 | 2 | 0 | |a podnik malý |
| 610 | 2 | 0 | |a podnik stredný |
| 610 | 2 | 0 | |a Slovensko |
| 100 | 1 | |a Hula, Róbert, 1992- | |